000 01889nam a22001697a 4500
008 190903b xxu||||| |||| 00| 0 eng d
020 _a421154705
050 _aKD3930.P45(5e)
100 _aPhillips. O. Hood.
245 _aConstitutional and administrative law. /
_cO. Hood Phillips.
250 _a5th ed.
260 _aLondon :
_bSweet and Maxwell,
_c1973.
300 _axlvi, 669 p. :
_c23 cm.
500 _aIncludes index.
505 _aContents: Part I: Introduction: The nature of constitutional and administrative law -- General characteristics of the British Constitution -- The legislative supremacy of parliament -- Can parliament bind its successors? -- Constitutional conventions -- Part II: Parliament: The High Court of Parliament -- The House of Lords -- The House of Commons -- Parliament procedure -- National finance and scrutiny of the administration -- Parliamentary privilege -- Part III: The Crown and the Central Government: The Monarchy -- The royal prerogative -- The privy council -- The cabinet and the prime minister -- Central government departments and civil service -- The Armed Forces -- Emergency powers of the executive -- Part IV: Justice and police : The administration of justice -- The police -- Part V: Rights and duties of the individual: Nationality, Immigration and extradition -- Offences against the state -- Freedom of person and property -- Freedom of speech -- Freedom of assembly and association -- Part VI: Administrative law: Local government -- Public corporations -- Delighted legislation -- Administrative jurisdiction -- Judicial control of public authorities: I. liability -- Judicial control of public authorities: II. remedies -- Crown Proceedings -- Part VII: The Common wealth: The United Kingdom and Commonwealth -- British colonies -- Independence within the Commonwealth -- Appeals to the privy Council.
942 _2lcc
_cBK
999 _c6935
_d14435